[Event "ICS rated blitz match"]
[Site "204.178.125.65"]
[Date "1999.09.29"]
[Round "?"]
[White "Hossa"]
[Black "BugChess"]
[Result "1-0"]
[WhiteElo "2470"]
[BlackElo "2136"]
[Annotator "Fritz 5.32 (22s)"]
[PlyCount "131"]
[EventDate "1999.??.??"]

1. e4 1... Nf6 $14 (1... c5 2. Nf3 e6 3. c3 Nf6 4. e5 Nd5 5. d4 cxd4 6. cxd4 b6
7. Bc4 Bb7 8. O-O Na6 (8... Be7 9. Bxd5 Bxd5 10. Nc3 Bc4 11. Re1 O-O 12. d5
exd5 13. Nxd5 Nc6 14. Re4 Bxd5 (14... Ba6 15. Rg4 f5 16. Rg3 Kh8 17. b3 Nb4 18.
Nxe7 Qxe7 19. Ba3 Bc8 20. e6 f4 21. Rh3 a5 22. Qb1 h6 23. Ne5 Rf6 24. exd7 Bxd7
25. Ng6+ Rxg6 26. Qxg6 Bxh3 27. gxh3 f3 28. Bb2 Re8 29. Rf1 Kg8 30. Kh1 Qf7 31.
Qxb6 Nd3 32. Bd4 Nf4 33. Qd6 Re4 34. Qb8+ Kh7 35. Be3 Nxh3 36. Qg3 36... Qf5 {
0-1 Schweber,S-Miles,A/Buenos Aires 1979/MCL (36)}) 15. Qxd5 Nb4 16. Qb3 Na6
17. Be3 d5 18. exd6 Bxd6 19. Rd4 Qe7 20. Bg5 Qc7 21. Rad1 Nc5 22. Qc4 Ne6 23.
Qxc7 {Smagin,S-Kupreichik,V/Eupen 1994/EXT 97/1-0 (53)}) 9. Qe2 (9. Ng5 h6 10.
Ne4 Qc7 11. Qe2 Nab4 12. a3 Rc8 13. axb4 Qxc4 14. Qxc4 Rxc4 15. Rxa7 Bc8 16.
Nbc3 Bxb4 17. Bd2 f5 18. Nxd5 exd5 19. Nd6+ Bxd6 20. exd6 Kf7 21. Re1 Re8 22.
Rxe8 Kxe8 23. Rc7 23... Kf7 {Schweber,S-Najdorf,M/Buenos Aires 1983/MCD/ - (34)
}) 9... Nac7 10. Ng5 f5 11. exf6 Qxf6 12. Nc3 Be7 13. Qe5 Qxe5 14. dxe5 Nxc3
15. bxc3 Nd5 16. Ne4 {Schweber,S-Panno,O/Trelew 1995/EXT 97/0-1 (48)}) (1... e5
2. Nf3 $11) 2. e5 Nd5 3. c4 Nb6 4. d4 e6 5. c5 {Weiss erobert Raum} 5... Nd5 {
Eine wichtige Figur} 6. Nf3 b6 7. cxb6 cxb6 (7... axb6 8. Nc3 $11) 8. Bc4 8...
f6 $16 {Befestigt g5} (8... Bb7 9. Bg5 Bb4+ 10. Bd2 $14) 9. Bxd5 exd5 10. exf6
Qxf6 (10... Bb4+ 11. Bd2 Bxd2+ 12. Nbxd2 Qxf6 13. O-O $14) 11. O-O Qd6 (11...
Nc6 12. Re1+ Ne7 13. Nc3 $16) 12. Re1+ Be7 13. b3 $16 (13. Nc3 13... O-O $16)
13... Nc6 14. Ba3 Nb4 15. Nc3 a5 16. Qe2 (16. Nb5 Qc6 17. Ne5 Qxb5 18. Qh5+ Kd8
19. Nf7+ Kc7 20. Qe5+ Kb7 21. Qxe7 Ka7 22. Bxb4 22... Rg8 $18) 16... Ba6 17.
Qe3 Kf8 18. Bxb4 axb4 19. Nxd5 $1 {Boing!} 19... Bf6 20. Nxf6 {
Droht entscheidend Ne5} 20... gxf6 (20... Qxf6 21. Ne5 21... Bb5 $18) 21. Qh6+
(21. Nh4 {gibt noch groesseren Vorteil} 21... h6 $18) 21... Kg8 22. Re4 Bd3 23.
Rg4+ Bg6 24. Nh4 (24. Rxg6+ hxg6 25. Qxg6+ 25... Kf8 $11) 24... Qf8 25. Rxg6+
hxg6 26. Qxh8+ Kxh8 27. Nxg6+ {Der Freibauer h2 koennte gefaehrlich werden}
27... Kg8 {Weiss darf nun die Drohung Qf7 nicht uebersehen} 28. Nxf8 Kxf8 29.
Kf1 Rc8 (29... Ke7 30. Ke2 $18) 30. g4 (30. Ke2 30... Kf7 $18) 30... Rc2 31.
Ke1 d5 32. h4 Rc3 33. Rd1 $16 (33. Ke2 f5 34. f3 fxg4 35. fxg4 35... Kg7 $18)
33... Rh3 34. h5 Rh4 35. f3 35... Rh1+ $18 (35... f5 $5 36. Kf2 36... fxg4 $18)
36. Ke2 Rh2+ 37. Ke3 Rxa2 38. Rd2 {Es droht Matt} 38... Ra1 (38... Ra3 39. Rb2
$18) 39. Kf4 Rb1 40. Rd3 (40. Rc2 Rxb3 41. Rc6 Kg7 42. Rxb6 Rd3 43. Rb7+ Kh6
44. Rxb4 Kg7 45. Rb7+ 45... Kh6 $18) 40... Kf7 41. Kf5 41... Re1 $2 (41... Rc1
$142 42. Rd2 42... Rc3 $18) 42. f4 {Will g5 spielen} 42... Re4 (42... b5 43.
Rd2 $18) 43. g5 {Weiss erhaelt Koenigsangriff} 43... fxg5 44. fxg5 {
Der Freibauer g5 wird schnell zu einer gefaehrlichen Waffe} 44... Re1 45. Rf3
Kg7 (45... Rh1 $18 {wuerde die Partie noch etwas verlaengern}) 46. h6+ Kh7 47.
g6+ $1 {ein laestiges Schach} 47... Kxh6 (47... Kg8 {
aendert den traurigen Lauf der Dinge nicht} 48. Kf6 Rg1 49. Rf5 $18) 48. Kf6 {
Droht Matt} 48... Kh5 49. g7 $1 {huebsch. Mit der Mattdrohung g8Q} 49... Kg4
50. g8=Q+ Kxf3 51. Qxd5+ {Der Freibauer d4 fuehrt schnell zu Drohungen} 51...
Kg3 (51... Ke3 {kann das Vorangegangene nicht ungeschehen machen} 52. Qe5+ Kd2
53. d5 Rxe5 54. Kxe5 $18) 52. Qd6+ (52. Qg5+ $5 {
erleichterte Weiss die Gewinnfuehrung} 52... Kf2 53. d5 Rd1 54. Qf4+ 54... Ke2
$18) 52... Kh3 (52... Kf3 {aendert nichts mehr} 53. Kf5 $18) 53. Qxb4 {
Droht Matt: Qxe1} 53... Rd1 (53... Rf1+ {holt die Kuh nicht vom Eis} 54. Ke5
$18) 54. Ke5 Rf1 (54... Rc1 {macht keinen grossen Unterschied} 55. Qc4 Rg1 56.
Qe6+ Kg3 57. Qg6+ Kf2 58. Qxg1+ Kxg1 59. d5 $18) 55. d5 $1 {
logisch und kraftvoll} 55... Rf7 (55... Rg1 {hilft allerdings auch nicht} 56.
Qc3+ Rg3 57. Qc8+ Kg2 58. d6 $18) 56. Qxb6 Rf1 57. Qe3+ Kg2 58. Qe2+ Rf2 59.
Qxf2+ Kxf2 60. d6 Kg2 (60... Kf3 {waere gleichermassen fruchtlos} 61. d7 Ke2
62. d8=Q Ke1 63. Kf4 Ke2 64. Qd5 Kf2 65. Qd2+ Kf1 66. Kf3 Kg1 67. Qg2#) 61. d7
(61. Kf4 Kf1 62. d7 Kf2 63. d8=Q Ke2 64. Qd5 Kf2 65. Qd2+ Kf1 66. Kf3 Kg1 67.
Qg2#) 61... Kf2 (61... Kg3 {kann das Vorangegangene nicht ungeschehen machen}
62. Ke4 Kf2 63. d8=Q Kg3 64. Qd2 Kg4 65. Qg2+ Kh4 66. Kf5 Kh5 67. Qg5#) 62.
d8=Q (62. Kf4 Ke1 63. d8=Q Ke2 64. Qd5 Kf2 65. Qd2+ Kf1 66. Kf3 Kg1 67. Qg2#)
62... Ke2 (62... Kg1 {aendert den traurigen Lauf der Dinge nicht} 63. Qd2 Kf1
64. Ke4 Kg1 65. Kf3 Kf1 66. Qf2#) 63. Kf4 Kf2 64. Qd2+ Kf1 65. Kg3 Kg1 66. Qd1#
(66. Qg2#) 1-0

[Event "ICS rated blitz match"]
[Site "204.178.125.65"]
[Date "1999.09.22"]
[Round "?"]
[White "Hossa"]
[Black "Burgsvik"]
[Result "1-0"]
[WhiteElo "2127"]
[BlackElo "2139"]
[PlyCount "109"]
[EventDate "1999.??.??"]

1. Nf3 d5 2. g3 e6 3. Bg2 f5 4. c4 Nf6 5. cxd5 exd5 6. Nc3 c6 7. O-O Be7 8. d4
O-O 9. Bf4 Ne4 10. e3 Nd7 11. Ne5 Nxe5 12. Bxe5 Bf6 13. Bxf6 Qxf6 14. f3 Nxc3
15. bxc3 Qh6 16. Re1 Re8 17. Qd3 Bd7 18. c4 Be6 19. cxd5 Bxd5 20. e4 fxe4 21.
fxe4 Bf7 22. Re2 Rad8 23. Rf2 Qd6 24. Rd1 Bh5 25. Qb3+ Kh8 26. Rdd2 b6 27. Qa4
a5 28. e5 b5 29. Qc2 Qh6 30. Bxc6 Rf8 31. Bxb5 Qe3 32. Qd3 Qe1+ 33. Qf1 Qe3 34.
Rd3 Rxf2 35. Qxf2 Qc1+ 36. Kg2 Bg6 37. Rd2 Be4+ 38. Kh3 Bf5+ 39. Kh4 g6 40. g4
g5+ 41. Kh3 Rf8 42. gxf5 Qb1 43. Bd7 Qe4 44. f6 h5 45. Bf5 g4+ 46. Kh4 Qb7 47.
Kxh5 Rg8 48. Qf4 Qf7+ 49. Kh4 Qf8 50. a4 g3 51. hxg3 Rg6 52. Bxg6 Kg8 53. f7+
Kg7 54. Qf6+ Kh6 55. Be4# {Burgsvik checkmated} 1-0

[Event "ICS rated blitz match"]
[Site "204.178.125.65"]
[Date "1999.09.13"]
[Round "?"]
[White "Hossa"]
[Black "Byzantine"]
[Result "1-0"]
[WhiteElo "2410"]
[BlackElo "2043"]
[PlyCount "39"]
[EventDate "1999.??.??"]

1. d4 d5 2. Bg5 Nf6 3. Nd2 Nbd7 4. c4 c6 5. Ngf3 Qb6 6. b3 e6 7. e3 Bb4 8. Bd3
O-O 9. O-O h6 10. Bf4 Nh5 11. c5 Qa5 12. Bd6 Re8 13. a3 Bxd2 14. Nxd2 Nhf6 15.
b4 Qd8 16. Nf3 Nf8 17. Ne5 Ne4 18. Bxe4 dxe4 19. Qh5 Qf6 20. f3 {
Byzantine resigns} 1-0

[Event "ICS rated blitz match"]
[Site "204.178.125.65"]
[Date "1999.08.29"]
[Round "?"]
[White "Hossa"]
[Black "Cambridge"]
[Result "1-0"]
[WhiteElo "2484"]
[BlackElo "2156"]
[PlyCount "61"]
[EventDate "1999.??.??"]

1. d4 Nf6 2. f3 e6 3. e4 d5 4. Bg5 dxe4 5. fxe4 Be7 6. e5 Nd5 7. Bxe7 Qxe7 8.
Kf2 Qb4 9. b3 Nc6 10. c4 Nc3 11. Nxc3 Qxc3 12. Ne2 Qb4 13. a3 Qe7 14. g3 O-O
15. Bg2 f6 16. Bxc6 bxc6 17. Kg2 fxe5 18. dxe5 c5 19. Rf1 Bb7+ 20. Kg1 Qg5 21.
Qd3 Qxe5 22. Rad1 a5 23. Nf4 a4 24. Rfe1 Qf5 25. Qxf5 exf5 26. bxa4 Rxa4 27.
Ne6 Rc8 28. Nxc5 Ra7 29. Re7 Be4 30. Rdd7 f4 31. Rxg7+ {Cambridge resigns} 1-0

[Event "ICS rated blitz match"]
[Site "204.178.125.65"]
[Date "1999.10.10"]
[Round "?"]
[White "Hossa"]
[Black "Chemberlen"]
[Result "1-0"]
[WhiteElo "2491"]
[BlackElo "2562"]
[PlyCount "43"]
[EventDate "1999.??.??"]

1. d4 e6 2. c4 c5 3. d5 exd5 4. cxd5 d6 5. Nf3 g6 6. Nc3 Bg7 7. e4 a6 8. Bd3
Ne7 9. O-O O-O 10. Bg5 b5 11. Qd2 Bg4 12. Bh6 Bxf3 13. gxf3 Nd7 14. a4 b4 15.
Bxg7 Kxg7 16. Ne2 Ne5 17. Qe3 c4 18. Bb1 Qc7 19. f4 Ng4 20. Qd4+ f6 21. Rc1
Rac8 22. Bd3 {Chemberlen resigns} 1-0

[Event "ICS rated blitz match"]
[Site "204.178.125.65"]
[Date "1999.09.05"]
[Round "?"]
[White "Hossa"]
[Black "Chemberlen"]
[Result "1-0"]
[WhiteElo "2469"]
[BlackElo "2603"]
[PlyCount "105"]
[EventDate "1999.??.??"]

1. d4 d5 2. c4 e6 3. cxd5 exd5 4. Nc3 c6 5. Nf3 Bf5 6. Bf4 Bd6 7. Bxd6 Qxd6 8.
e3 Nf6 9. Ne5 O-O 10. Bd3 Bxd3 11. Nxd3 Re8 12. O-O Nbd7 13. Rc1 Ne4 14. Nxe4
Rxe4 15. Qh5 Rae8 16. Nf4 Nf6 17. Qg5 h6 18. Qh4 g5 19. Qg3 Kh7 20. Nh5 Qe7 21.
Nxf6+ Qxf6 22. Rc2 Qe7 23. Qf3 Qe6 24. Rc3 f5 25. Ra3 a6 26. Rb3 Re7 27. Rd3 f4
28. Re1 Qg6 29. Qd1 g4 30. Qe2 f3 31. Qd2 h5 32. a3 fxg2 33. Kxg2 Qf5 34. Kg1
Rf7 35. Rb3 h4 36. Rb6 Kh6 37. b4 Rfe7 38. a4 Qf3 39. Qd1 h3 40. Qxf3 gxf3 41.
b5 axb5 42. axb5 Rxd4 43. bxc6 Rg4+ 44. Kh1 bxc6 45. Rxc6+ Kh7 46. Rf6 d4 47.
Rxf3 d3 48. Rxh3+ Kg6 49. f3 Rg5 50. f4 d2 51. Rd1 Rc7 52. Rh6+ Kg7 53. Rd6 {
Chemberlen resigns} 1-0

[Event "ICS rated blitz match"]
[Site "204.178.125.65"]
[Date "1999.09.06"]
[Round "?"]
[White "Hossa"]
[Black "Chemim"]
[Result "1-0"]
[WhiteElo "2525"]
[BlackElo "2318"]
[PlyCount "39"]
[EventDate "1999.??.??"]

1. d4 g6 2. e4 Bg7 3. Bc4 d6 4. Ne2 c6 5. Bg5 Nf6 6. Nd2 O-O 7. Bd3 e5 8. O-O
Bg4 9. f3 Be6 10. c3 Qb6 11. b3 Nbd7 12. Nc4 Bxc4 13. bxc4 h6 14. Rb1 Qc7 15.
Bh4 c5 16. Qd2 cxd4 17. cxd4 exd4 18. Nxd4 Nd5 19. Nb5 Qc5+ 20. Bf2 {
Chemim resigns} 1-0

[Event "ICS rated blitz match"]
[Site "204.178.125.65"]
[Date "1999.09.14"]
[Round "?"]
[White "Hossa"]
[Black "ChessWriter2200"]
[Result "1/2-1/2"]
[WhiteElo "2314"]
[BlackElo "2247"]
[PlyCount "114"]
[EventDate "1999.??.??"]

1. d4 Nf6 2. c4 g6 3. Nc3 Bg7 4. e4 d6 5. Nf3 O-O 6. Be2 e5 7. O-O Nc6 8. d5
Ne7 9. Bg5 h6 10. Bh4 c6 11. dxc6 bxc6 12. c5 d5 13. exd5 Nexd5 14. Nxe5 Nxc3
15. bxc3 Qxd1 16. Bxd1 Re8 17. f4 Nd7 18. Nxc6 Ba6 19. Ne7+ Kf8 20. Bf3 Bxf1
21. Bxa8 Bc4 22. Bc6 Rxe7 23. Bxe7+ Kxe7 24. Re1+ Be6 25. Re3 Nxc5 26. Bd5 Na4
27. Bxe6 fxe6 28. Re4 Nxc3 29. Rb4 Bd4+ 30. Kf1 e5 31. fxe5 Bxe5 32. Rb7+ Ke6
33. Rxa7 Bxh2 34. a4 Nd5 35. a5 Nc7 36. Rb7 Kd5 37. Rb8 Bf4 38. Rg8 g5 39. g4
Kc4 40. Rh8 Kb5 41. Rxh6 Kxa5 42. Ke2 Nd5 43. Kf3 Kb4 44. Rc6 Kb5 45. Rc8 Nf6
46. Rc2 Be5 47. Rc1 Bd4 48. Rc2 Kb4 49. Rc6 Be5 50. Rc8 Nd5 51. Ke4 Nb6 52. Rg8
Bf4 53. Kf5 Nc4 54. Rxg5 Bxg5 55. Kxg5 Nd6 56. Kf4 Nf7 57. g5 57... Nxg5 {
Game drawn because neither player has mating material} 1/2-1/2

[Event "ICS rated blitz match"]
[Site "204.178.125.65"]
[Date "1999.10.11"]
[Round "?"]
[White "Hossa"]
[Black "Coco-Cola"]
[Result "0-1"]
[WhiteElo "2475"]
[BlackElo "2619"]
[PlyCount "198"]
[EventDate "1999.??.??"]

1. e4 Nf6 2. Nc3 d5 3. e5 Nfd7 4. d4 c5 5. dxc5 e6 6. Nf3 Nc6 7. Bg5 Be7 8.
Bxe7 Qxe7 9. Bb5 Nxc5 10. O-O O-O 11. Qe2 Bd7 12. Rfd1 Rac8 13. Bxc6 Bxc6 14.
Rd2 Ne4 15. Nxe4 dxe4 16. Nd4 Qg5 17. Nxc6 Rxc6 18. Rd7 Rb6 19. Qxe4 Rxb2 20.
Rxb7 Rxa2 21. Rf1 Qd2 22. c4 a5 23. Ra7 a4 24. c5 a3 25. Qf3 Qb4 26. Qe3 Qb2
27. c6 Ra1 28. g3 a2 29. Rxa1 Qxa1+ 30. Kg2 Qd1 31. Qc3 Qb1 32. Ra4 Rc8 33. Qa3
Qb5 34. Qxa2 Qxc6+ 35. f3 Qd5 36. Ra5 Qd8 37. Ra7 h6 38. Qa4 Qd3 39. Ra8 Rxa8
40. Qxa8+ Kh7 41. Qa2 Kg6 42. Qf2 h5 43. f4 Qd5+ 44. Qf3 Kf5 45. h3 Qd2+ 46.
Kf1 Qc1+ 47. Kf2 Qb2+ 48. Kg1 Qd4+ 49. Kf1 Kg6 50. g4 h4 51. Ke2 Qb2+ 52. Kd1
f5 53. gxf5+ Kxf5 54. Qg4+ Ke4 55. f5+ Kd5 56. fxe6 Qxe5 57. Qxh4 Kxe6 58. Qg4+
Kf6 59. Qf3+ Kg6 60. Qg2+ Kh6 61. Qg4 Qe3 62. Kc2 g5 63. Qf5 Qd4 64. Qe6+ Kh5
65. Qf7+ Kh4 66. Qh7+ Kg3 67. Kb3 Kg2 68. Qh5 Qh4 69. Qe2+ Kxh3 70. Qf1+ Kg3
71. Qe1+ Kg2 72. Qd2+ Kh3 73. Qd7+ Qg4 74. Qh7+ Kg3 75. Kc3 Qf3+ 76. Kb2 g4 77.
Qc7+ Kg2 78. Qc2+ Qf2 79. Ka1 g3 80. Qc6+ Kg1 81. Qg6 Qd4+ 82. Ka2 g2 83. Kb3
Qe3+ 84. Kc4 Kf2 85. Qf5+ Qf3 86. Qc5+ Kf1 87. Kb4 g1=Q 88. Qc1+ Kf2 89. Qc5+
Qe3 90. Qf5+ Ke2 91. Qh5+ Kd2 92. Qd5+ Qd4+ 93. Qxd4+ Qxd4+ 94. Kb5 Kc3 95. Kc6
Kc4 96. Kc7 Kb5 97. Kb8 Kc6 98. Ka8 Qd7 99. Kb8 99... Qb7# {Hossa checkmated}
0-1

[Event "ICS rated blitz match"]
[Site "204.178.125.65"]
[Date "1999.10.09"]
[Round "?"]
[White "Hossa"]
[Black "Colorado"]
[Result "1/2-1/2"]
[WhiteElo "2471"]
[BlackElo "2672"]
[PlyCount "155"]
[EventDate "1999.??.??"]

1. e4 e5 2. f4 d5 3. exd5 e4 4. Nc3 Nf6 5. Qe2 Be7 6. d3 exd3 7. Qxd3 Na6 8. a3
Nc5 9. Qb5+ Bd7 10. Qc4 O-O 11. Be3 Na6 12. O-O-O Re8 13. Bd4 Bf5 14. Re1 Qd7
15. Nf3 Rad8 16. Rd1 Ng4 17. h3 Nf6 18. g4 Be4 19. Qe2 Bc5 20. Bxf6 Bxf3 21.
Qxf3 Re3 22. Qg2 gxf6 23. Bxa6 bxa6 24. Ne4 Qe7 25. Nxc5 Qxc5 26. Rhe1 Rxe1 27.
Rxe1 Rxd5 28. Kb1 Qd6 29. f5 Re5 30. Qf1 Rxe1+ 31. Qxe1 Kg7 32. Qf1 c5 33. Qg1
Qd5 34. Ka1 h6 35. Kb1 c4 36. Qf1 Qe4 37. Qd1 h5 38. Qg1 hxg4 39. hxg4 a5 40.
Qxa7 Qxg4 41. Qd7 Qg1+ 42. Ka2 Qh2 43. c3 Qb8 44. Qd1 Qb5 45. Qg4+ Kf8 46. Kb1
Ke7 47. Qe4+ Kd6 48. Ka1 Kd7 49. Qd4+ Ke7 50. Qf4 Qd5 51. Ka2 Qb5 52. Kb1 Qc5
53. Qe4+ Kd7 54. Qd4+ Kc6 55. Qxf6+ Qd6 56. Qd4 Qxd4 57. cxd4 Kd5 58. Kc2 Kxd4
59. f6 a4 60. Kd2 c3+ 61. bxc3+ Ke5 62. Ke3 Kxf6 63. Kd4 Ke6 64. c4 Kd6 65. c5+
Kc6 66. Kc4 Kc7 67. Kd5 f5 68. Ke5 Kc6 69. Kxf5 Kxc5 70. Ke5 Kc4 71. Ke4 Kc5
72. Kf3 Kc4 73. Ke3 Kc5 74. Ke4 Kc4 75. Ke5 Kc5 76. Ke4 Kc4 77. Ke5 Kc5 78. Ke4
{Game drawn by repetition} 1/2-1/2

[Event "ICS rated blitz match"]
[Site "204.178.125.65"]
[Date "1999.10.16"]
[Round "?"]
[White "Hossa"]
[Black "ComputoJon"]
[Result "1-0"]
[WhiteElo "2455"]
[BlackElo "2174"]
[PlyCount "65"]
[EventDate "1999.??.??"]

1. e4 c5 2. d4 cxd4 3. c3 Nf6 4. e5 Nd5 5. Nf3 e6 6. cxd4 b6 7. Bc4 Bb7 8. Bg5
Be7 9. Bxd5 Bxd5 10. Bxe7 Qxe7 11. O-O O-O 12. Nbd2 Nc6 13. a3 Rac8 14. b4 d6
15. Qe2 dxe5 16. dxe5 Rc7 17. Rad1 Rfc8 18. Ne4 Bxe4 19. Qxe4 h6 20. Rd2 Qe8
21. Rfd1 Ne7 22. Qd3 Nd5 23. Nd4 Rc3 24. Qa6 Rc1 25. Qf1 R1c3 26. Nb5 Qd7 27.
Nxc3 Rxc3 28. Rd3 Rc2 29. Rc1 Ra2 30. Qd1 Qb5 31. Rc8+ Kh7 32. Rf3 Qe2 33. Qb1+
{ComputoJon resigns} 1-0

[Event "ICS rated blitz match"]
[Site "204.178.125.65"]
[Date "1999.09.15"]
[Round "?"]
[White "Hossa"]
[Black "ComputoJon"]
[Result "1-0"]
[WhiteElo "2380"]
[BlackElo "2191"]
[PlyCount "41"]
[EventDate "1999.??.??"]

1. e4 c5 2. c3 Nf6 3. e5 Nd5 4. d4 cxd4 5. cxd4 e6 6. Nf3 b6 7. Bc4 Ba6 8. Bxd5
exd5 9. Nc3 Bb4 10. Bg5 Bxc3+ 11. bxc3 Qc7 12. Rc1 Nc6 13. Nh4 Nd8 14. Nf5 Ne6
15. Nd6+ Kf8 16. Be3 Nd8 17. Qf3 Bc4 18. Bg5 f6 19. Bxf6 gxf6 20. Qxf6+ Kg8 21.
Nf5 {ComputoJon resigns} 1-0

[Event "ICS rated blitz match"]
[Site "204.178.125.65"]
[Date "1999.09.12"]
[Round "?"]
[White "Hossa"]
[Black "ComputoJon"]
[Result "1-0"]
[WhiteElo "2466"]
[BlackElo "2208"]
[PlyCount "35"]
[EventDate "1999.??.??"]

1. d4 Nf6 2. c4 c5 3. d5 b5 4. cxb5 a6 5. bxa6 g6 6. e4 Nxe4 7. Qa4 Nf6 8. a7
Na6 9. Nc3 Rxa7 10. Be3 Qb6 11. Qb5 Rb7 12. Qxa6 Qxb2 13. Rc1 Bg7 14. Na4 Qb4+
15. Bd2 Qe4+ 16. Ne2 d6 17. Qc6+ Kd8 18. Ba5+ {ComputoJon resigns} 1-0

[Event "ICS rated blitz match"]
[Site "204.178.125.65"]
[Date "1999.10.03"]
[Round "?"]
[White "Hossa"]
[Black "ComputoJon"]
[Result "1/2-1/2"]
[WhiteElo "2402"]
[BlackElo "2240"]
[PlyCount "81"]
[EventDate "1999.??.??"]

1. e4 c5 2. c3 Nf6 3. e5 Nd5 4. d4 cxd4 5. cxd4 e6 6. Nf3 b6 7. Bc4 Ba6 8. Bxd5
exd5 9. Nc3 Bb4 10. Bg5 Qc7 11. Bd2 Bxc3 12. Bxc3 Nc6 13. Ng5 O-O 14. Qc2 g6
15. Qa4 Na5 16. Bxa5 bxa5 17. Qb3 h6 18. Nh3 Rab8 19. Qc3 Qb6 20. b3 Rfc8 21.
Qd2 Qb4 22. Ng1 Rc2 23. Qxb4 axb4 24. g4 Rbc8 25. h4 Rb2 26. g5 h5 27. Rh3 Rcc2
28. Rf3 Bb5 29. Re3 Rxf2 30. Kd1 Rfd2+ 31. Kc1 Rbc2+ 32. Kb1 Rc3 33. Rxc3 bxc3
34. Nf3 Bd3+ 35. Kc1 Rf2 36. Ne1 Be4 37. a3 Re2 38. Kd1 Rd2+ 39. Kc1 Re2 40.
Kd1 Rd2+ 41. Kc1 {Game drawn by mutual agreement} 1/2-1/2

[Event "ICS rated blitz match"]
[Site "204.178.125.65"]
[Date "1999.08.30"]
[Round "?"]
[White "Hossa"]
[Black "CoquiCoqui"]
[Result "1-0"]
[WhiteElo "2485"]
[BlackElo "2216"]
[PlyCount "93"]
[EventDate "1999.??.??"]

1. e4 e5 2. Nf3 Nc6 3. Bb5 a6 4. Ba4 b5 5. Bb3 Nf6 6. Ng5 d5 7. Nc3 h6 8. exd5
Nd4 9. Nge4 Nxb3 10. Nxf6+ Qxf6 11. axb3 Bc5 12. O-O Bd6 13. Nxb5 Qg6 14. c4
Bh3 15. Nxd6+ cxd6 16. Qf3 Bg4 17. Qe3 e4 18. f3 Bh3 19. Rf2 O-O 20. fxe4 Bd7
21. Ra2 f5 22. e5 dxe5 23. Qxe5 Rae8 24. Qc3 Re1+ 25. Rf1 Rfe8 26. d4 R8e2 27.
Qf3 Rxf1+ 28. Kxf1 Re4 29. Qd3 Qg4 30. Be3 Be8 31. Rxa6 Bg6 32. Bf2 Re1+ 33.
Bxe1 f4 34. Qxg6 Qxg6 35. Rxg6 Kf7 36. Ra6 g5 37. c5 g4 38. Rxh6 f3 39. Rh4
fxg2+ 40. Kxg2 g3 41. Kxg3 Ke7 42. c6 Kd6 43. Bb4+ Kxd5 44. c7 Ke6 45. c8=Q+
Kf6 46. Rh6+ Kg7 47. Qf8# {CoquiCoqui checkmated} 1-0

[Event "ICS rated blitz match"]
[Site "204.178.125.65"]
[Date "1999.09.02"]
[Round "?"]
[White "Hossa"]
[Black "Ctoth"]
[Result "1-0"]
[WhiteElo "2498"]
[BlackElo "2502"]
[PlyCount "71"]
[EventDate "1999.??.??"]

1. e4 e5 2. Nf3 d6 3. Bc4 Be7 4. d4 exd4 5. Nxd4 Nf6 6. Nc3 O-O 7. O-O a6 8. f3
Nc6 9. Nxc6 bxc6 10. Bf4 Rb8 11. b3 Nd7 12. Qe2 Bg5 13. Bxg5 Qxg5 14. Rad1 a5
15. Qd2 Qc5+ 16. Qd4 Qxd4+ 17. Rxd4 Nc5 18. Rfd1 Be6 19. a3 g6 20. g4 Kg7 21.
h4 Nd7 22. Be2 c5 23. R4d2 f5 24. exf5 gxf5 25. gxf5 Rxf5 26. Nb5 Rb7 27. Kf2
Ne5 28. Rg1+ Kf8 29. a4 Rf6 30. Ke3 Ng6 31. h5 Nf4 32. Bd3 Nxh5 33. Be4 c6 34.
Rxd6 Re7 35. Rxc6 Bd5 36. Rxc5 {Ctoth resigns} 1-0

[Event "ICS rated blitz match"]
[Site "204.178.125.65"]
[Date "1999.09.22"]
[Round "?"]
[White "Hossa"]
[Black "Dobieman"]
[Result "1-0"]
[WhiteElo "1864"]
[BlackElo "1512"]
[PlyCount "44"]
[EventDate "1999.??.??"]

1. d4 Nf6 2. c4 c5 3. d5 b5 4. cxb5 a6 5. Nc3 d6 6. e4 g6 7. bxa6 Bxa6 8. Bxa6
Nxa6 9. Bg5 Bg7 10. Nge2 O-O 11. O-O Qd7 12. Qd2 Rfb8 13. b3 Rb7 14. Bh6 Bh8
15. f3 Qc7 16. Rae1 c4 17. Rb1 cxb3 18. axb3 Rab8 19. Nd4 Nc5 20. b4 Rxb4 21.
Ncb5 R4xb5 22. Nxb5 22... Nfd7 {Dobieman resigns} 1-0

[Event "ICS rated blitz match"]
[Site "204.178.125.65"]
[Date "1999.09.04"]
[Round "?"]
[White "Hossa"]
[Black "DrHugoELO"]
[Result "1-0"]
[WhiteElo "2479"]
[BlackElo "2100"]
[PlyCount "53"]
[EventDate "1999.??.??"]

1. c4 Nf6 2. g3 e6 3. Bg2 a6 4. Nf3 b5 5. cxb5 axb5 6. Nd4 Ra5 7. O-O c5 8. Nb3
Ra7 9. Nc3 Qb6 10. d4 c4 11. Nd2 d5 12. e4 dxe4 13. Re1 Be7 14. Ndxe4 O-O 15.
Bg5 Nbd7 16. Be3 Nd5 17. Nxd5 exd5 18. Nc3 Qa5 19. Nxd5 Bd6 20. Bg5 f6 21. Bf4
Bxf4 22. Ne7+ Kh8 23. Nc6 Qb6 24. Nxa7 Qxa7 25. gxf4 Rd8 26. Re7 Qb6 27. Qg4 {
DrHugoELO resigns} 1-0

[Event "ICS rated blitz match"]
[Site "204.178.125.65"]
[Date "1999.09.04"]
[Round "?"]
[White "Hossa"]
[Black "DrHugoELO"]
[Result "0-1"]
[WhiteElo "2485"]
[BlackElo "2107"]
[PlyCount "148"]
[EventDate "1999.??.??"]

1. c4 g6 2. d4 Bg7 3. Nf3 d6 4. e4 Nf6 5. Nc3 O-O 6. Be2 Bg4 7. Bg5 Nfd7 8. O-O
c5 9. d5 h6 10. Be3 a6 11. Qd3 Bxf3 12. Bxf3 Ne5 13. Qe2 Nxf3+ 14. Qxf3 Kh7 15.
Qg3 b5 16. cxb5 axb5 17. Qh3 b4 18. Nd1 Nd7 19. f3 Ne5 20. Bg5 Ra7 21. Nf2 Qd7
22. Qh4 Rh8 23. Ng4 h5 24. Nxe5 Bxe5 25. Rfb1 Kg7 26. Kh1 f6 27. Be3 g5 28. Qf2
h4 29. Kg1 Rha8 30. a3 bxa3 31. Rxa3 Rxa3 32. bxa3 Rxa3 33. Kh1 Qa4 34. Qg1 Bd4
35. Bxd4 Qxd4 36. Qxd4 cxd4 37. Kg1 f5 38. exf5 Kf6 39. Rb4 Ke5 40. Rb7 Kf6 41.
Rb4 Rd3 42. g4 hxg3 43. hxg3 Kxf5 44. Kg2 Ke5 45. Rb8 Kf6 46. Rf8+ Ke5 47. Rb8
Rc3 48. Rg8 d3 49. Rxg5+ Kd4 50. Rg4+ Kxd5 51. Rg5+ Kd4 52. Rg4+ Kd5 53. Rg5+
e5 54. Kf2 Kd4 55. Rg4+ Kd5 56. Rg5 Ra3 57. Rh5 Kd4 58. f4 Ra2+ 59. Kf3 e4+ 60.
Kg4 d2 61. Rh1 e3 62. Kf3 Kd3 63. Rg1 e2 64. Kg4 d1=Q 65. Rxd1+ exd1=Q+ 66. Kf5
Ra5+ 67. Kf6 Qg4 68. Ke7 Qxg3 69. Kd7 Qxf4 70. Ke6 Qf5+ 71. Kxd6 Ra6+ 72. Kc7
Qh7+ 73. Kb8 Rg6 74. Ka8 74... Rg8# {Hossa checkmated} 0-1

[Event "ICS rated blitz match"]
[Site "204.178.125.65"]
[Date "1999.09.02"]
[Round "?"]
[White "Hossa"]
[Black "DrHugoELO"]
[Result "1-0"]
[WhiteElo "2449"]
[BlackElo "2058"]
[PlyCount "59"]
[EventDate "1999.??.??"]

1. e4 c6 2. d4 d5 3. exd5 cxd5 4. c4 Nf6 5. Nc3 g6 6. Bg5 Bg7 7. Bxf6 exf6 8.
cxd5 O-O 9. Bb5 a6 10. Bd3 Re8+ 11. Nge2 f5 12. O-O Nd7 13. Re1 Nf6 14. Qa4 Bd7
15. Qb4 Bb5 16. Bxb5 axb5 17. Qxb5 Ra5 18. Qxb7 Nxd5 19. a3 Re7 20. Qb3 Nf6 21.
Qd1 Rd7 22. b4 Ra8 23. Qd3 Nd5 24. Nxd5 Rxd5 25. Red1 Qb6 26. Rac1 Rad8 27. Rc4
Qb5 28. Nc3 Rxd4 29. Rxd4 Qxd3 30. Rxd8+ {DrHugoELO resigns} 1-0